Women teaching in South Asia / (Record no. 18131)

MARC details
000 -LEADER
fixed length control field 00818nam a2200241 a 4500
005 - DATE AND TIME OF LATEST TRANSACTION
control field 20130404121459.0
008 - FIXED-LENGTH DATA ELEMENTS--GENERAL INFORMATION
fixed length control field 070814s2007 ii 001 0 eng
010 ## - LCCN (DPL NO)
LC control number ENG-91542
020 ## - INTERNATIONAL STANDARD BOOK NUMBER
International Standard Book Number 9788178298696
Terms of availability 495.00
035 ## - SYSTEM CONTROL NUMBER
System control number EN-75075
037 ## - SOURCE OF ACQUISITION
Source of stock number/acquisition DBAD / PUB
040 ## - CATALOGING SOURCE
Original cataloging agency dpl
Language of cataloging English
082 ## - DEWEY DECIMAL CLASSIFICATION NUMBER
Classification number 371.100820954
245 ## - TITLE STATEMENT
Title Women teaching in South Asia /
Statement of responsibility, etc edited by Jackie Kirk
260 ## - PUBLICATION, DISTRIBUTION, ETC. (IMPRINT)
Place of publication, distribution, etc New Delhi
Name of publisher, distributor, etc Sage Publications
Date of publication, distribution, etc 2008
270 ## - ADDRESS
Address B-1/I-1, Mohan Cooperative Industrial Area, Mathura Road,
City New Delhi
Postal code 110044
300 ## - PHYSICAL DESCRIPTION
Extent xiii, 241p.:
Dimensions 23 cm (Hb)
Other physical details b&w photos
500 ## - GENERAL NOTE
General note Includes index
520 ## - SUMMARY, ETC.
Summary, etc Contributed articles chiefly with reference to India.
650 ## - SUBJECT ADDED ENTRY--TOPICAL TERM
Topical term or geographic name as entry element Women teachers
Geographic subdivision Asia
700 ## - ADDED ENTRY--PERSONAL NAME
Personal name Kirk, Jackie
942 ## - ADDED ENTRY ELEMENTS (KOHA)
Source of classification or shelving scheme Dewey Decimal Classification
Item type English Books
Call number suffix WOM
Classification part 371.100820954
Holdings
Withdrawn status Lost status Source of classification or shelving scheme Damaged status Not for loan Collection code Home library Current library Date acquired Source of acquisition Cost, normal purchase price Total Checkouts Full call number Barcode Date last seen Copy number Cost, replacement price Koha item type
    Dewey Decimal Classification   Not For Loan Non-fiction D.B.Act.Division D.B.Act.Division 06/11/2008 DBAD / PUB 495.00   371.100820954 WOM EN-75075 06/11/2008 1 495.00 English Books

© Delhi Public Library
Hit Counter
free hit counter